| 000 | 00756cab a2200265 4500 | ||
|---|---|---|---|
| 001 | ABS51881 | ||
| 008 | 090401t1994 xxu||||| |||| 00| 0 eng d | ||
| 035 | _a(Sirsi) u48616 | ||
| 041 | _aeng | ||
| 100 | _aMcLellan, A. | ||
| 245 | _aNorthern Ireland: peace work | ||
| 260 | _c1994 | ||
| 350 | _a0 | ||
| 490 |
_aNew Civil Engineer _v(1109) 1-8 December 1994, 18-28(11) |
||
| 520 | _aSpecial report examining the implications of the peace process in Northern Ireland for the construction industry. | ||
| 650 | _aCONSTRUCTION MARKET | ||
| 650 | _aFORECASTS | ||
| 650 | _aINWARD INVESTMENT | ||
| 650 | _aNORTHERN IRELAND | ||
| 650 | _aWORKLOAD | ||
| 690 | _aBUILT ENVIRONMENT | ||
| 700 | _aFleming, D. | ||
| 942 | _n0 | ||
| 948 | _c04/03/1997 | ||
| 999 |
_c30539 _d30539 |
||